| Поле | Инд. | ПП | Название | Значение |
|---|---|---|---|---|
| Тип записи | a | |||
| Библиографический уровень | a | |||
| 001 | Контрольный номер | cf799c8e74cd4aef9cbd669b74c2e968 | ||
| 005 | Дата корректировки | 20190201094930.4 | ||
| 100 | a | Данные общей обработки | 20190201 ||| 0rusy0189 ca | |
| 101 | 0_ | a | Язык текста | rus |
| 102 | a | Страна публикации | RU | |
| 200 | 1_ | f | Первые сведения об ответственности | А.В. Нестеров, А.С. Василенко |
| a | Заглавие | Медиация в уголовном процессе Республики Кыргызстан | ||
| b | Общее обозначение материала | Электронный ресурс | ||
| 210 | 1_ | d | Дата издания | 2018 |
| 461 | _0 | 1 | 2000 | |
| a | Закон и право | |||
| 463 | _0 | 1 | 2000 | |
| a | № 12 | |||
| v | С. 67-70 | |||
| 1 | 2101 | |||
| d | 2018 | |||
| 1 | 0015f466bb8753f44a98aa773b211b7b3ee | |||
| 606 | a | Основная рубрика | Международное право. Право отдельных стран | |
| 610 | 0_ | a | Ключевые слова | ПРАВО ЗАРУБЕЖНЫХ СТРАН |
| a | Ключевые слова | СНГ | ||
| a | Ключевые слова | УГОЛОВНЫЙ ПРОЦЕСС | ||
| a | Ключевые слова | МЕДИАЦИЯ | ||
| 700 | _1 | a | Фамилия | Нестеров |
| b | Имя | А.В. | ||
| 701 | _1 | a | Фамилия | Василенко |
| b | Имя | А.С. | ||
| 801 | _0 | a | Страна | RU |
| b | Организация | РГУП | ||
| c | Дата составления | 20190201 | ||
| g | Правила каталогизации | PSBO | ||
| 801 | _1 | a | Страна | RU |
| b | Организация | РГУП | ||
| c | Дата составления | 20190201 | ||
| g | Правила каталогизации | PSBO | ||
| 901 | t | Тип документа | b | |
| w | Контрольный № источника | 5f466bb8753f44a98aa773b211b7b3ee | ||
| 905 | a | Дата ввода | 20190201 |